000 00705nam a2200253 i 4500
001 C2-0279612
003 PPAK
005 20180728010753.0
008 070503s1997 my a|||| ||||| | may d
020 _a9839391070
040 _aPPAK
_beng
_cPPAK
_erda
082 0 4 _a709.9595
_223
090 0 0 _a709.9595
_bMAN
_dKAR
090 0 0 _a709.9595
_bMAN
_dKMI
100 0 _aMana Sikana,
_eauthor
245 1 0 _aPembangunan Seni dan Sastera
264 1 _aSelangor :
_bUniversiti Kebangsaan Malaysia ,
_c1997
300 _a229 pages :
_billustrations ;
_c22 cm
336 _2rdacontent
_atext
337 _2rdamedia
_aunmediated
338 _2rdacarrier
_avolume
650 1 0 _aArts, Malaysia.
942 _ddc
_cB
999 _c86231
_d86231